000 00426nam a2200181Ia 4500
001 24050
005 20260414151018.0
008 260414t1954||||xx |||||||||||||| ||spa||
041 _aESP
082 _a759.02
_bS744
100 _aSkira, Albert
_eAUT
245 4 _aThe great centuries of painting
_b
260 _c1954
300 _a215 páginas :
_c28 cm.
650 _aABD
654 _aCAU
942 _cLIB
_dJUS
_fJUS
_2ddc
_n
999 _c24050
_d24050